00469 2200181 4500001002100000008004100021035002000062245005600082100001600138250002000154260003400174300001100208020001800219084001500237082001000252650001600262990000900278INLIS000000000002275 ind  a0010-0425002275 aLegenda Danau TobabSeri Cerita RakyatcM. Rantissi aM. Rantissi aCetakan pertama aJakarta :bBintang Indonesia, c19 cm. a602-218-234-4 a398.2 M. l a398.2 aM. Rantissi a5999